00242nam a2200085Ia 4500008004100000100003200041245003100073260004300104260000900147170620s9999 xx 000 0 und d aOod- Lakshmi Lal K. (Hindi) 0aShaikshik Prasasan (Hindi) bJaipur- Rajasthan Hindi Granth Academy c2002